00488nam a2200193 a 4500001001300000003000900013005001700022008004100039020001000080082001600090100001700106245003200123260004800155300000900203500003500212505001000247650002000257700001700277nice12345678IN_TiNIC20260116011340.0050524s1957 lona grp 000 0 eng  ac10000a297.2bTRI1 aTritton, A S aIslam, Belief and Practices aLondonbHutchinson University Libraryc1957 a200p aincludes index and biblioraphy2 aindex aIslam-Doctrines1 aTritton, A S